[Event "Waikato Open 2016"]
[Site "Hamilton NZL"]
[Date "2016.07.29"]
[Round "1.1"]
[White "Hothersall, Rik"]
[Black "Hague, Ben"]
[Result "0-1"]
[WhiteElo "1959"]
[BlackElo "2480"]
[PlyCount "68"]
[EventDate "2016.07.29"]

1. e4 c5 2. Nf3 Nc6 3. d4 cxd4 4. Nxd4 e5 5. Nb5 d6 6. Be3 Be7 7. Bc4 Nf6 8.
N5c3 O-O 9. f3 Na5 10. Bd5 Nxd5 11. Nxd5 Nc4 12. Nxe7+ Qxe7 13. Qc1 d5 14. O-O
Nxe3 15. Qxe3 d4 16. Qd2 Be6 17. Na3 Qc5 18. Kh1 Qb6 19. c4 Rac8 20. b3 Qc5 21.
b4 Qc6 22. Rac1 Qa4 23. Qb2 a5 24. Qb3 Qxb4 25. Qd3 Rc5 26. f4 exf4 27. Qxd4
Qxa3 28. Rc3 Qb4 29. Rfc1 Rfc8 30. h3 Rxc4 31. Rxc4 Bxc4 32. a3 Qc5 33. Qd7 b5
34. Rd1 h6 0-1

[Event "Waikato Open 2016"]
[Site "Hamilton NZL"]
[Date "2016.07.29"]
[Round "1.2"]
[White "Dive, Russell J"]
[Black "Wright, Caleb"]
[Result "1-0"]
[WhiteElo "2440"]
[BlackElo "1951"]
[PlyCount "111"]
[EventDate "2016.07.29"]

1. Nf3 c5 2. g3 Nc6 3. Bg2 g6 4. O-O Bg7 5. c4 e5 6. Nc3 Nge7 7. Ne1 O-O 8. Nc2
d6 9. a3 a5 10. Rb1 Bf5 11. d3 Qd7 12. Re1 Be6 13. Ne3 Nd4 14. b4 axb4 15. axb4
cxb4 16. Rxb4 Nec6 17. Rb6 Bf6 18. Ned5 Bd8 19. Bh6 Bxd5 20. Nxd5 Re8 21. Qd2
f6 22. Reb1 Ra7 23. Qb2 Na5 24. c5 Ndc6 25. Bd2 Re6 26. Bxa5 Nxa5 27. Qb5 Qxb5
28. R1xb5 Kf7 29. Rxd6 Rxd6 30. cxd6 Ke6 31. Nb6 Ra6 32. Na4 Kxd6 33. h4 Ra7
34. Rd5+ Ke7 35. Bh3 b6 36. Nc3 Nc6 37. Nb5 Rb7 38. Bc8 Rb8 39. Rd7+ Kf8 40.
Bb7 Na5 41. Bd5 Be7 42. e4 Rc8 43. Nc7 Rb8 44. Kg2 b5 45. Ne6+ Ke8 46. Ra7 b4
47. Rxa5 b3 48. Rb5 Rxb5 49. Nc7+ Kd7 50. Nxb5 b2 51. Nc3 Kd6 52. Kf3 Bd8 53.
Ba2 Bb6 54. Ke2 f5 55. f3 Ba7 56. Nb5+ 1-0

[Event "Waikato Open 2016"]
[Site "Hamilton NZL"]
[Date "2016.07.29"]
[Round "1.3"]
[White "Dolejs, Dan"]
[Black "Gong, Daniel Hanwen"]
[Result "0-1"]
[WhiteElo "1948"]
[BlackElo "2264"]
[PlyCount "70"]
[EventDate "2016.07.29"]

1. b4 Nf6 2. Bb2 e6 3. a3 d5 4. g3 c5 5. c3 Bd7 6. Bg2 cxb4 7. axb4 Nc6 8. Nf3
Bd6 9. O-O O-O 10. Na3 a6 11. Qb3 b5 12. Nc2 a5 13. Ncd4 Nxd4 14. Nxd4 a4 15.
Qc2 Rc8 16. Qd3 e5 17. Nc2 e4 18. Qd4 Rc4 19. Qa7 Bc7 20. d3 Bb6 21. Qa6 Rc8
22. c4 dxc4 23. dxc4 Rxc4 24. Rac1 Bg4 25. Rfd1 Qb8 26. Bxf6 gxf6 27. Ne3 Rxc1
28. Rxc1 Bxe3 29. fxe3 Qd8 30. Qxb5 Qd2 31. Ra1 Qxe3+ 32. Kf1 Rc8 33. Qa6 Rc1+
34. Rxc1 Qxc1+ 35. Kf2 e3# 0-1

[Event "Waikato Open 2016"]
[Site "Hamilton NZL"]
[Date "2016.07.29"]
[Round "1.5"]
[White "Lynn, K William"]
[Black "James, Jack"]
[Result "0-1"]
[WhiteElo "1858"]
[BlackElo "2118"]
[PlyCount "104"]
[EventDate "2016.07.29"]

1. e4 d6 2. d4 Nf6 3. Nc3 Nbd7 4. f4 e5 5. Nf3 exd4 6. Nxd4 c6 7. Be2 Qa5 8.
Bf3 Nc5 9. O-O Qc7 10. Qe2 Ne6 11. Be3 Be7 12. Rad1 Nxd4 13. Bxd4 O-O 14. Kh1
Nd7 15. e5 dxe5 16. fxe5 Nc5 17. Ne4 Nxe4 18. Bxe4 Be6 19. Bd3 Rfd8 20. Qe4 g6
21. c4 Bf8 22. Bc3 Qe7 23. a3 a5 24. Qf4 b6 25. Qg3 Bg7 26. Qf3 Qc7 27. Rde1
Rab8 28. b4 b5 29. c5 Bd5 30. Be4 Qe7 31. Bxd5 Rxd5 32. bxa5 Rb7 33. e6 fxe6
34. Bxg7 Qxg7 35. Rxe6 Rf5 36. Qe2 Qf7 37. Rxf5 Qxf5 38. g4 Qd5+ 39. Kg1 Qxc5+
40. Kg2 Qd5+ 41. Qe4 Qxe4+ 42. Rxe4 Ra7 43. a4 Rxa5 44. axb5 Rxb5 45. Rc4 c5
46. Kf3 Kf7 47. Ke4 Ke6 48. g5 Rb4 49. Kd3 Rxc4 50. Kxc4 Kf5 51. Kxc5 Kxg5 52.
Kd4 Kh4 0-1

[Event "Waikato Open 2016"]
[Site "Hamilton NZL"]
[Date "2016.07.29"]
[Round "1.6"]
[White "Timergazi, Layla"]
[Black "Dare, Richard J"]
[Result "0-1"]
[WhiteElo "2105"]
[BlackElo "1815"]
[PlyCount "112"]
[EventDate "2016.07.29"]

1. d4 Nf6 2. c4 d6 3. Nc3 g6 4. e4 Bg7 5. h3 Nc6 6. Bg5 h6 7. Be3 e6 8. Bd3 e5
9. d5 Ne7 10. Nge2 c5 11. Qd2 Bd7 12. f4 Nfg8 13. g4 Qc7 14. Ng3 O-O-O 15.
O-O-O exf4 16. Bxf4 g5 17. Be3 Ng6 18. Nf5 Be5 19. Ne2 N8e7 20. Rdf1 f6 21. Kb1
Kb8 22. Ng1 Bxf5 23. exf5 Nf8 24. h4 Nd7 25. Nf3 Rdg8 26. Rfg1 b6 27. Rh3 Qd8
28. Qf2 Qf8 29. Rgh1 h5 30. hxg5 hxg4 31. Rxh8 Rxh8 32. Rxh8 Qxh8 33. Qh4 Qxh4
34. Nxh4 fxg5 35. Bxg5 Bf6 36. Bxf6 Nxf6 37. Be2 b5 38. b3 Kc7 39. Kc2 Kb6 40.
Kd3 bxc4+ 41. bxc4 Ka5 42. Bd1 Kb4 43. Bb3 a5 44. Bc2 g3 45. Ke3 Kxc4 46. Kf3
Kc3 47. Ba4 Nfxd5 48. Kxg3 c4 49. Kg4 Kb2 50. Ng6 Ne3+ 51. Kf4 N7xf5 52. Nh4
Nxh4 53. Kxe3 c3 54. Kd3 Ng6 55. Bb3 Ne5+ 56. Kd4 c2 0-1

[Event "Waikato Open 2016"]
[Site "Hamilton NZL"]
[Date "2016.07.29"]
[Round "1.7"]
[White "Picken, Oliver"]
[Black "Gibbons, Robert E"]
[Result "1/2-1/2"]
[WhiteElo "1751"]
[BlackElo "2083"]
[PlyCount "65"]
[EventDate "2016.07.29"]

1. e4 e5 2. Nf3 Nc6 3. Nc3 Nf6 4. d4 exd4 5. Nd5 Nxd5 6. exd5 Bb4+ 7. Bd2 Qe7+
8. Be2 d3 9. cxd3 Ne5 10. Nxe5 Bxd2+ 11. Qxd2 Qxe5 12. O-O O-O 13. Bf3 c6 14.
Rfe1 Qd6 15. dxc6 dxc6 16. Re3 Be6 17. Be4 Rad8 18. Rg3 f5 19. Qh6 Rf7 20. Bf3
Qxg3 21. Qxe6 Qd6 22. Qb3 Kf8 23. h3 Rfd7 24. Rd1 Qc5 25. Qe6 Rd6 26. Qe2 Qb5
27. Re1 R6d7 28. Bh5 g6 29. Qe6 Qd5 30. Qf6+ Qf7 31. Qh8+ Qg8 32. Qf6+ Qf7 33.
Qh8+ 1/2-1/2

[Event "Waikato Open 2016"]
[Site "Hamilton NZL"]
[Date "2016.07.29"]
[Round "1.8"]
[White "Marko, Helmut S"]
[Black "Ha, Huy Minh (Timothy)"]
[Result "1/2-1/2"]
[WhiteElo "2075"]
[BlackElo "1746"]
[PlyCount "56"]
[EventDate "2016.07.29"]

1. Nf3 d5 2. g3 Nf6 3. Bg2 g6 4. O-O Bg7 5. c4 c6 6. d3 O-O 7. e3 Bg4 8. Qb3
Qb6 9. Nc3 Nbd7 10. d4 dxc4 11. Qxc4 Bxf3 12. Bxf3 e5 13. d5 cxd5 14. Nxd5 Nxd5
15. Qxd5 Nc5 16. Rb1 Rfd8 17. Qc4 Rac8 18. Rd1 Rxd1+ 19. Bxd1 Qd8 20. Be2 e4
21. Qb4 Nd3 22. Qd2 Nxc1 23. Qxd8+ Rxd8 24. Rxc1 Rd7 25. Rc2 Be5 26. f3 exf3
27. Bxf3 b6 28. Kf2 h5 1/2-1/2

[Event "Waikato Open 2016"]
[Site "Hamilton NZL"]
[Date "2016.07.29"]
[Round "1.9"]
[White "Carbonnier, Arnaud"]
[Black "Nolan, Graham"]
[Result "1-0"]
[WhiteElo "1736"]
[BlackElo "1968"]
[PlyCount "139"]
[EventDate "2016.07.29"]

1. d4 Nf6 2. c4 g6 3. Nc3 d5 4. Nf3 Bg7 5. h4 c6 6. e3 Bg4 7. Bd2 Nbd7 8. cxd5
cxd5 9. Be2 O-O 10. O-O Rc8 11. Rc1 Nb6 12. b3 a6 13. Ne5 Bxe2 14. Qxe2 Qd6 15.
Nd3 Nbd7 16. Na4 Ne4 17. Bb4 Qf6 18. h5 Rfe8 19. Nac5 Nexc5 20. Bxc5 e5 21.
Nxe5 Nxc5 22. Rxc5 Rxc5 23. Nd7 Qe7 24. Nxc5 Bxd4 25. Nd3 Bg7 26. hxg6 hxg6 27.
Qg4 Qe4 28. Qxe4 dxe4 29. Nf4 Rd8 30. Rc1 Be5 31. Rc5 Rd1+ 32. Kh2 Bd6 33. Rc8+
Kg7 34. g3 Rd2 35. Kg2 Rxa2 36. Rc4 Rb2 37. Rxe4 Rxb3 38. Ra4 Rb4 39. Ra2 Rb5
40. Ne2 Be5 41. Ra4 Rd5 42. f4 Bc7 43. e4 Rd2 44. Kf3 Rd3+ 45. Kg4 Re3 46. Nc1
Rc3 47. Ne2 Rc6 48. Nd4 Rc5 49. e5 f5+ 50. Nxf5+ gxf5+ 51. Kxf5 Kf7 52. g4 a5
53. g5 Rd5 54. Ra2 Kg7 55. Rc2 Bd8 56. g6 a4 57. Ke6 Rd3 58. f5 a3 59. Rh2 Bg5
60. Rh7+ Kg8 61. Rxb7 Rd8 62. f6 Ra8 63. Rg7+ Kf8 64. Rh7 Ra6+ 65. Kf5 Bxf6 66.
exf6 Ra5+ 67. Ke6 Ra6+ 68. Ke5 Ke8 69. Re7+ Kf8 70. g7+ 1-0

[Event "Waikato Open 2016"]
[Site "Hamilton NZL"]
[Date "2016.07.29"]
[Round "1.10"]
[White "Wagner, Stefan"]
[Black "Mistry, Prashant"]
[Result "1-0"]
[WhiteElo "1963"]
[BlackElo "1646"]
[PlyCount "155"]
[EventDate "2016.07.29"]

1. e4 d6 2. d4 Nf6 3. Nc3 g6 4. Nf3 Bg7 5. Bc4 O-O 6. O-O Bg4 7. h3 Bxf3 8.
Qxf3 Nc6 9. Be3 e5 10. d5 Nd4 11. Qd1 b5 12. Bxb5 Nxb5 13. Nxb5 Qb8 14. Qd3
Nxe4 15. Nxa7 Nc5 16. Bxc5 dxc5 17. Nb5 e4 18. Qb3 Qb6 19. c4 Rfb8 20. Qc2 Qf6
21. Nc3 Qe5 22. Qd2 Rb4 23. Qe2 f5 24. Rfd1 Rab8 25. Rab1 Qe8 26. Nb5 Be5 27.
b3 R4xb5 28. cxb5 Qxb5 29. Qc4 Bd6 30. Qxb5 Rxb5 31. Rdc1 Kf7 32. Kf1 Ke7 33.
Ke2 Be5 34. b4 cxb4 35. Rc6 Kd7 36. Rd1 Bd6 37. h4 Ra5 38. Rc2 Be5 39. f3 exf3+
40. gxf3 Kd6 41. Ke3 Rxd5 42. Rxd5+ Kxd5 43. Kd3 c5 44. Rc1 Bg3 45. Rh1 h5 46.
Rg1 f4 47. Rg2 c4+ 48. Kc2 Kd4 49. Re2 Kd5 50. Re4 Bxh4 51. Rxf4 Bg5 52. Rf8
Ke5 53. Kd1 h4 54. Ke2 Bf4 55. Rb8 c3 56. Kd3 h3 57. Rxb4 h2 58. Rb1 Bg3 59.
Rh1 Kf4 60. Ke2 c2 61. a4 Kg5 62. Kd2 c1=Q+ 63. Kxc1 Kf4 64. a5 Kxf3 65. a6 Bb8
66. Rxh2 g5 67. Rh8 Ba7 68. Rh7 Be3+ 69. Kd1 g4 70. a7 Bxa7 71. Rxa7 Kf2 72.
Rf7+ Kg2 73. Ke2 g3 74. Rh7 Kg1 75. Kf3 g2 76. Rg7 Kh1 77. Kf2 Kh2 78. Rxg2+
1-0